• 首页
  • 本馆介绍
  • 公告通知
  • 最新文献
  • 馆藏检索
  • 电子资源
  • 读者导购
  • 参考咨询
  • 我的图书馆
  • 登录
  • 详细信息显示
  • 放入我的书架
  • 预约/预借图书
  • 作者相关作品
  • 分类相关作品
  • 丛书相关作品
  • 出版社相关作品

书目信息

  • 表格格式
  • 工作单格式
  • 卡片格式
题名:
瑟谷学校传奇
    
 
作者: 格林伯格 , 兰帕卡 著 ;萨朵夫斯基 , 鲍同梅 , 陈家刚 著
分册: II   瑟谷学校毕业生
出版信息: 上海   华东师范大学出版社  2017.10
页数: 10, 350页
开本: 24cm
丛书名:
单 册:
中图分类: G639.712.8
科图分类:
主题词: 瑟谷学校--概况
电子资源:
ISBN: 978-7-5675-6446-6
000 01353nam0 2200313 450
001 0108153912
005 20210308154403.0
010    @a978-7-5675-6446-6@dCNY56.00
100    @a20171222d2017 em y0chiy50 ea
101 1  @achi@ceng
102    @aCN@b310000
105    @ay z 000yy
106    @ar
200 1  @a瑟谷学校传奇@Ase gu xue xiao chuan qi@hII@i瑟谷学校毕业生@f丹尼尔·格林伯格, 敏丝·萨朵夫斯基, 杰森·兰帕卡著@g鲍同梅, 陈家刚译
210    @a上海@c华东师范大学出版社@d2017.10
215    @a10, 350页@d24cm
312    @a版权页英文题名:The pursuit of happiness: the lives of Sudbury Valley alumni
330    @a本书全面描述了与夏山学校齐名的瑟谷学校毕业生的生活,依据是对一百多位毕业生的访谈和问卷回答,内容涵盖了他们的职业生涯、家庭生活、人际关系等,以及,也许是更为重要的,他们内在的自我感觉和对人生的独特看法。
510 1  @aPursuit of happiness@iThe lives of Sudbury Valley alumni@zeng
601 02 @a瑟谷学校@x概况
606 0  @a瑟谷学校@x概况
690    @aG639.712.8@v5
701  1 @a格林伯格@Age lin bo ge@4著@c(美)@c(Greenberg, Daniel)
701  1 @a兰帕卡@Alan pa ka@4著@c(美)@c(Lampka, Jason)
702  1 @a萨朵夫斯基@Asa duo fu si ji@4著@c(美)@c(Sadofsky, Mimsy)
702  0 @a鲍同梅@Abao tong mei@4译
702  0 @a陈家刚@Achen jia gang@4译
801  0 @aCN@bBJSZM@c20210308
905    @b1272607-10@dG639.712.8@e2008@f4
    
    瑟谷学校传奇.II.瑟谷学校毕业生/丹尼尔·格林伯格, 敏丝·萨朵夫斯基, 杰森·兰帕卡著/鲍同梅, 陈家刚译.-上海:华东师范大学出版社,2017.10
    10, 350页;24cm
    
    
    ISBN 978-7-5675-6446-6:CNY56.00
    本书全面描述了与夏山学校齐名的瑟谷学校毕业生的生活,依据是对一百多位毕业生的访谈和问卷回答,内容涵盖了他们的职业生涯、家庭生活、人际关系等,以及,也许是更为重要的,他们内在的自我感觉和对人生的独特看法。
●
相关链接 在E读中查询图书 在五车中查询图书 在当当中查询图书 在豆瓣中查询图书


正题名:瑟谷学校传奇     索取号:G639.712.8/2008         预约/预借

序号 登录号 条形码 馆藏地/架位号 状态 备注
1 1272607   212726077   第一样本阅览室/ [索取号:G639.712.8/2008] 在馆    
2 1272608   212726086   教育系资料室/ [索取号:G639.712.8/2008] 在馆    
3 1272609   212726095   教育系资料室/ [索取号:G639.712.8/2008] 在馆    
4 1272610   212726102   第四借阅区/ [索取号:G639.712.8/2008] 在馆    
唐山师范学院图书馆 欢迎您!
大连网信软件有限公司© 版权所有